| 000 | 01073nam a22002417a 4500 | ||
|---|---|---|---|
| 003 | OSt | ||
| 005 | 20250411092210.0 | ||
| 008 | 240913b ||||| |||| 00| 0 eng d | ||
| 040 | _c0 | ||
| 082 | _aDPer 621.317 Ie21 December 2022 v.37 n. 12 part 1&2. | ||
| 100 |
_aWei, Jinxiao. _eauthor. _960991 |
||
| 245 |
_aIntegrated design for lifetime extension and esr monitoring of hybrid dc link in solid-state transformer from the perspective of high-frequency ripple current / _cJinxiao Wei, Hao Feng, and Li Ran. |
||
| 260 |
_aNew York ; _bThe Institute of Electrical and Electronics Engineers, Inc., _cDecember 2022. |
||
| 300 |
_avolume 37, pages 15583-15593, _billustration. |
||
| 500 | _aIEEE Transactions on Power Electronics, v. 37 n. 12, pages 15583-15593, December 2022. | ||
| 650 | 0 |
_ahigh-frequency ripple current. _966320 |
|
| 650 | 0 |
_ahybrid capacitor bank. _966321 |
|
| 650 | 0 |
_alifetime extension (LE). _966322 |
|
| 700 |
_aWei, Jinxiao. _eauthor. _960991 |
||
| 700 |
_aFeng, Hao. _eauthor. _960992 |
||
| 700 |
_aRan, Li. _eauthor. _960993 |
||
| 942 |
_2ddc _cPER |
||
| 999 |
_c21616 _d21616 |
||